000
00313 a2200133 4500
001
155436
040
_c
Escola São Tomás de Aquino
240
1
0
_a
Aprender juntos português 3
_l
por
245
1
0
_a
Aprender juntos português 3
300
_a
303
362
0
_a
2013
697
_a
Língua portuguesa
942
_c
BK
999
_c
155436
_d
155436